[Event "Women's Speed Chess Q4"]
[Site "chess.com INT"]
[Date "2020.06.21"]
[Round "4"]
[White "Thipsay, Bagyashree Sathe"]
[Black "Pham, Bich Ngoc"]
[Result "0-1"]
[WhiteTitle "WIM"]
[BlackTitle "WIM"]
[WhiteElo "2072"]
[BlackElo "2235"]
[WhiteFideId "5001013"]
[BlackFideId "12401285"]
[EventDate "2020.06.21"]

1. e4 g6 2. d4 Bg7 3. Nc3 d6 4. f4 e6 5. Nf3 Nc6 6. Be3 Nh6 7. h3 O-O 8. Qd2 f5
9. e5 a6 10. O-O-O d5 11. Rg1 b5 12. g4 Na5 13. b3 Qe7 14. Nb1 b4 15. c3 Nc6 16.
c4 dxc4 17. Bxc4 Bb7 18. d5 exd5 19. Qxd5+ Kh8 20. Bc5 Qe8 21. Bxf8 Qxf8 22. Qd2
Qc5 23. Kb2 Rf8 24. Rc1 Qe7 25. g5 Nf7 26. Bxf7 Qxf7 27. Rgd1 Ne7 28. Nd4 Nd5
29. Nc6 Nxf4 30. Qxf4 Qe6 31. Qc4 Bxe5+ 32. Kc2 Qxc6 33. Qxc6 Bxc6 34. Nd2 Bf4
35. h4 Bb5 36. Rb1 Re8 37. Re1 Rd8 38. Nc4 Bg3 39. Rbd1 Rc8 40. Re7 Bc6 41. Na5
Be4+ 42. Kb2 Bxh4 43. Rdd7 Bxg5 44. Rxh7+ Kg8 45. Rdg7+ Kf8 46. Rh8+ Kxg7 47.
Rxc8 Bf6+ 48. Kc1 Be5 49. Nc4 Bf4+ 50. Kd1 g5 51. Nd2 Bd5 52. Ke2 g4 53. Rd8 c6
54. Nf1 Bf3+ 55. Kf2 Be5 56. Re8 Bd6 57. Rd8 Bc5+ 58. Kg3 Kf6 0-1

[Event "Women's Speed Chess Q4"]
[Site "chess.com INT"]
[Date "2020.06.21"]
[Round "4"]
[White "Tomilova, Elena"]
[Black "Goltseva, Ekaterina"]
[Result "1-0"]
[WhiteTitle "WGM"]
[BlackTitle "FM"]
[WhiteElo "2353"]
[BlackElo "2306"]
[WhiteFideId "4162340"]
[BlackFideId "24173770"]
[EventDate "2020.06.21"]

1. d4 Nf6 2. Bg5 Ne4 3. Bf4 d5 4. e3 c5 5. Bd3 Nf6 6. Nf3 Nc6 7. c3 Qb6 8. Qc1
Bg4 9. Nbd2 e6 10. h3 Bh5 11. O-O Be7 12. Ne5 Nxe5 13. Bxe5 Bg6 14. Bxg6 hxg6
15. c4 O-O 16. b3 Rac8 17. Qb2 cxd4 18. Bxd4 Qa5 19. Rfd1 Ba3 20. Qb1 Bb4 21.
Qb2 Bxd2 22. Rxd2 dxc4 23. bxc4 Rxc4 24. Rad1 Ne4 25. Rd3 Rfc8 26. Qxb7 Qf5 27.
f3 Nf6 28. R3d2 Qg5 29. Kh2 Nd5 30. e4 Nf4 31. Be3 Qe5 32. Rd8+ Rxd8 33. Rxd8+
Kh7 34. Qxf7 g5 35. Bxf4 gxf4 36. Qg8+ Kg6 37. Qe8+ Kh7 38. Qh8+ Kg6 39. Qh4 Qf6
40. Qg4+ Kh7 41. Qh5+ Qh6 42. Qe8 Qf6 43. Qh5+ Qh6 44. Qf7 Qf6 45. Qxf6 gxf6 46.
Rd7+ Kg6 47. Rxa7 Rc2 48. a4 Ra2 49. h4 Kh5 50. Kh3 Ra1 51. Kh2 Kxh4 52. a5 Kg5
53. a6 Kg6 54. Ra8 Kg7 55. Kh3 f5 56. exf5 exf5 57. Kh4 Ra2 58. a7 Kh7 59. Kg5
Kg7 60. Kxf4 1-0

[Event "Women's Speed Chess Q4"]
[Site "chess.com INT"]
[Date "2020.06.21"]
[Round "4"]
[White "Tarini, Goyal"]
[Black "Muminova, Nafisa"]
[Result "0-1"]
[WhiteTitle "WFM"]
[BlackTitle "WGM"]
[WhiteElo "2164"]
[BlackElo "2274"]
[WhiteFideId "5082749"]
[BlackFideId "14201526"]
[EventDate "2020.06.21"]

1. d4 Nf6 2. c4 e6 3. g3 c5 4. d5 exd5 5. cxd5 d6 6. Nc3 g6 7. Bg2 Bg7 8. Nf3
O-O 9. O-O a6 10. a4 Bg4 11. h3 Bf5 12. g4 Bc8 13. Bf4 Qe7 14. Qd2 h5 15. g5 Ne8
16. e4 Nd7 17. Rae1 Ne5 18. Nxe5 dxe5 19. Be3 Qc7 20. Rc1 Nd6 21. Ne2 c4 22. f4
Bd7 23. fxe5 Bxe5 24. Bd4 Rae8 25. a5 Nxe4 26. Bxe5 Qxe5 27. Qf4 Nxg5 28. Qxe5
Rxe5 29. Nf4 h4 30. Rfe1 Rxe1+ 31. Rxe1 Re8 32. Rxe8+ Bxe8 33. d6 Bd7 34. Bxb7
Kf8 35. Bxa6 Ne4 36. Bxc4 Nxd6 37. Bf1 Bc6 38. b4 Nc8 39. Nd3 Na7 40. Ne5 Ba4
41. Nf3 Ke7 42. Nxh4 Nc6 43. Nf3 Nxb4 44. a6 Nc6 45. Bc4 Na7 46. Kf2 f6 47. Ke3
Kd6 48. h4 Kc5 49. Bf7 Bc2 50. Kf4 Kb6 51. Bc4 Nc6 52. Be2 Ne7 53. Nd4 Nd5+ 54.
Kg3 Nb4 0-1

[Event "Women's Speed Chess Q4"]
[Site "chess.com INT"]
[Date "2020.06.21"]
[Round "4"]
[White "Bulmaga, Irina"]
[Black "Sihite, Chelsie Monica Ignesias"]
[Result "0-1"]
[WhiteTitle "IM"]
[BlackTitle "WIM"]
[WhiteElo "2440"]
[BlackElo "2252"]
[WhiteFideId "13903063"]
[BlackFideId "7101198"]
[EventDate "2020.06.21"]

1. e4 b6 2. d4 Bb7 3. f3 g6 4. Be3 Bg7 5. Nc3 d6 6. Qd2 Nd7 7. h4 h5 8. Nh3 a6
9. a4 e6 10. Ng5 d5 11. exd5 exd5 12. Bd3 Ne7 13. O-O-O c5 14. Qf2 c4 15. Be2 b5
16. g4 Qa5 17. f4 b4 18. Nb1 Qxa4 19. f5 gxf5 20. gxf5 c3 21. Rhg1 Qa1 22. bxc3
bxc3 23. Rde1 Qb2+ 24. Kd1 Qxb1+ 25. Bc1 Bf6 26. Ne6 a5 27. Nc7+ Kd8 28. Nxa8 a4
29. Qf4 Bxa8 30. Rg3 Qb4 31. Rd3 a3 32. Bxa3 Qxa3 33. Bf3 Qb2 34. Qe3 Nxf5 35.
Qf4 Qb1+ 36. Qc1 Qb2 37. Qf4 Nxd4 38. Rxd4 Qb1+ 39. Ke2 Qxc2+ 40. Kf1 Bxd4 41.
Qxd4 Re8 42. Ra1 Bc6 43. Qb4 Qd3+ 44. Kg2 Rg8+ 45. Kf2 Qd2+ 46. Kf1 Qd3+ 47. Kf2
Kc7 48. Qa5+ Kd6 49. Qb4+ Nc5 50. Re1 Qd2+ 51. Kf1 Qxe1+ 52. Kxe1 Re8+ 53. Kd1
Re3 54. Bxh5 Rh3 55. Be2 Re3 56. Qf4+ Kd7 57. Qxe3 Ba4+ 58. Ke1 Ne4 59. Bd3 c2
60. Bxc2 Bxc2 61. h5 Kd6 62. h6 Nf6 63. Qf4+ Ke6 0-1

[Event "Women's Speed Chess Q4"]
[Site "chess.com INT"]
[Date "2020.06.21"]
[Round "4"]
[White "Balabayeva, Xeniya"]
[Black "Socko, Monika"]
[Result "1-0"]
[WhiteTitle "WFM"]
[BlackTitle "GM"]
[WhiteElo "2146"]
[BlackElo "2428"]
[WhiteFideId "13719688"]
[BlackFideId "1106619"]
[EventDate "2020.06.21"]

1. e4 e6 2. d4 d5 3. Nd2 Be7 4. Ngf3 Nf6 5. e5 Nfd7 6. Bd3 c5 7. c3 Nc6 8. O-O
g5 9. Bb5 g4 10. Ne1 cxd4 11. cxd4 Nxd4 12. Bxd7+ Bxd7 13. Qxg4 Qb6 14. Nb3 Nc6
15. Nf3 O-O-O 16. Be3 Qb4 17. Qxb4 Bxb4 18. Rac1 Kb8 19. Rfd1 Rhg8 20. Nc5 Bxc5
21. Bxc5 b6 22. Bd6+ Kb7 23. g3 Rc8 24. h4 Na5 25. Bb4 Rxc1 26. Rxc1 Nc6 27. Bd6
Rg4 28. Ng5 h5 29. Nxf7 Ka6 30. Ng5 Kb5 31. Kg2 Rc4 32. Rxc4 Kxc4 33. g4 d4 34.
gxh5 d3 35. Kf1 Nd4 36. Ke1 Nf5 37. h6 Nxh6 38. Kd2 b5 39. Ne4 Kd4 40. Nf6 Bc6
41. h5 Nf5 42. Bb8 Nh4 43. Bxa7+ Kc4 44. h6 Nf3+ 45. Kd1 b4 46. Be3 b3 47. axb3+
Kxb3 48. h7 Ba4 49. Kc1 Nxe5 50. h8=Q d2+ 51. Bxd2 Nd3+ 52. Kb1 Nxb2 53. Qb8+
Kc4 54. Qxb2 e5 55. Qb4+ Kd3 56. Qxa4 Kxd2 57. Qe4 Kd1 58. Qxe5 Kd2 59. f4 Kd1
60. Ng4 Kd2 61. f5 Kd1 62. f6 Kd2 63. f7 Kd1 64. f8=Q Kd2 65. Qd8# 1-0

[Event "Women's Speed Chess Q4"]
[Site "chess.com INT"]
[Date "2020.06.21"]
[Round "4"]
[White "Tarasenka, Aliaksandra"]
[Black "Babiy, Olga"]
[Result "1-0"]
[WhiteTitle "WFM"]
[BlackTitle "WGM"]
[WhiteElo "2070"]
[BlackElo "2228"]
[WhiteFideId "13514288"]
[BlackFideId "14117258"]
[EventDate "2020.06.21"]

1. e4 c5 2. c3 d5 3. exd5 Qxd5 4. d4 e6 5. Nf3 Nf6 6. Be3 Nbd7 7. Bd3 b6 8. O-O
Bb7 9. Qe2 cxd4 10. cxd4 Be7 11. Nc3 Qh5 12. Rac1 Bxf3 13. Qxf3 Qxf3 14. gxf3
O-O 15. f4 g6 16. Rfd1 a6 17. Be2 b5 18. Bf3 Rad8 19. d5 exd5 20. Nxd5 Nxd5 21.
Rxd5 Nf6 22. Rxd8 Rxd8 23. Rc7 Bf8 24. Rc6 Rd6 25. Rc8 Nd7 26. b4 Kg7 27. a3 Rd3
28. Rc3 Rxc3 29. Bd4+ f6 30. Bxc3 Bd6 31. Bb7 Nb8 32. f5 gxf5 33. Kg2 Kf7 34.
Bd5+ Kg6 35. h4 f4 36. Kf3 Kf5 37. Be4+ Ke6 38. Bxh7 f5 39. Bg8+ Ke7 40. h5 Kf8
41. Be6 Nc6 42. h6 Ne5+ 43. Kxf4 Nf7+ 44. Kxf5 Nxh6+ 45. Kg6 Ng8 46. Bg7+ Ke7
47. Bxg8 Kd7 48. Bd4 Kc6 49. Kf5 a5 50. Be6 axb4 51. axb4 Bxb4 52. f4 Be7 53.
Ke4 b4 54. Bd5+ Kb5 55. f5 Ka4 56. Kd3 Ka3 57. Kc2 Bf8 58. f6 Bd6 59. f7 Bf8 60.
Bc4 Ka4 61. Bb3+ Kb5 62. Kd3 Ka5 63. Ke4 Kb5 64. Kf5 Kc6 65. Kf6 Bc5 66. Bxc5
Kxc5 67. f8=Q+ Kd4 1-0

[Event "Women's Speed Chess Q4"]
[Site "chess.com INT"]
[Date "2020.06.21"]
[Round "4"]
[White "Swati, Mohota"]
[Black "Khotenashvili, Bela"]
[Result "0-1"]
[WhiteTitle "WFM"]
[BlackTitle "GM"]
[WhiteElo "2027"]
[BlackElo "2458"]
[WhiteFideId "5006511"]
[BlackFideId "13602640"]
[EventDate "2020.06.21"]

1. d4 Nf6 2. c4 g6 3. Nc3 d5 4. Nf3 Bg7 5. Bf4 O-O 6. e3 c5 7. dxc5 Qa5 8. Qa4
Qxc5 9. b4 Qc6 10. Nd4 Qxa4 11. Nxa4 Nc6 12. Nxc6 bxc6 13. O-O-O Ne4 14. Bg3
Nxg3 15. hxg3 Rb8 16. a3 a5 17. b5 dxc4 18. bxc6 Rb3 19. Bxc4 Rxa3 20. Nb6 Rc3+
21. Kd2 Be6 22. Bxe6 Rxc6 23. Nd7 Rd8 24. Bh3 e6 25. Ke2 a4 26. Kf3 a3 27. e4 a2
28. e5 a1=Q 29. Rxa1 Rxd7 30. Ra8+ Bf8 31. Rb1 Kg7 32. Rbb8 Rc3+ 33. Ke2 Bc5 34.
Ra2 Rd5 35. f4 Rxg3 36. Rb5 Re3+ 37. Kf1 Rd1+ 38. Kf2 Ra3+ 39. Rxc5 Rxa2+ 40.
Kg3 Rd3+ 41. Kh4 Rd4 42. g3 Rh2 43. Kg4 h5+ 44. Kh4 Rd1 45. Rc7 Rdh1 46. Kg5
Rxh3 47. f5 Rxg3+ 48. Kf4 Rg4+ 49. Kf3 gxf5 50. Re7 h4 51. Rxe6 fxe6 52. Kf2 h3
53. Kf3 h2 54. Kf2 Rhg1 55. Kf3 h1=Q+ 56. Ke3 Qe4+ 57. Kd2 R4g2+ 58. Kc3 Rg3+
59. Kb2 R1g2+ 60. Kc1 Rc3+ 61. Kd1 Qb1# 0-1

[Event "Women's Speed Chess Q4"]
[Site "chess.com INT"]
[Date "2020.06.21"]
[Round "4"]
[White "Cori T., Deysi"]
[Black "Yakimova, Mariya"]
[Result "1/2-1/2"]
[WhiteTitle "WGM"]
[BlackTitle "WFM"]
[WhiteElo "2388"]
[BlackElo "2269"]
[WhiteFideId "3801934"]
[BlackFideId "34188859"]
[EventDate "2020.06.21"]

1. d4 Nf6 2. Nf3 g6 3. g3 Bg7 4. Bg2 O-O 5. O-O d6 6. b3 Nc6 7. Bb2 Bf5 8. Nbd2
Ne4 9. Nh4 Nxd2 10. Qxd2 Bg4 11. h3 Bd7 12. Rad1 e5 13. dxe5 Nxe5 14. c4 Qc8 15.
f4 Nc6 16. Bxg7 Kxg7 17. f5 f6 18. g4 g5 19. Nf3 h6 20. h4 Qd8 21. Kf2 b6 22.
Rh1 Qe7 23. hxg5 hxg5 24. Rh5 Rh8 25. Rdh1 Rxh5 26. Rxh5 Rh8 27. Rxh8 Kxh8 28.
Qd5 a5 29. a3 Kg7 30. Qd2 Ne5 31. Nxe5 Qxe5 32. Qe3 Qxe3+ 33. Kxe3 Kf7 34. Kd4
Ke7 35. Bf3 Be8 36. Bd5 Bd7 37. e3 Be8 38. Bf3 Bd7 39. b4 axb4 40. axb4 Ba4 41.
b5 Bc2 42. Kc3 Bb1 43. Kd4 Bc2 44. Kd5 Kd7 45. Kd4 Bb1 46. Be2 Bc2 47. Kc3 Be4
48. Kd4 Bh1 49. Kc3 d5 50. cxd5 Bxd5 51. Kd4 Kd6 52. e4 Bb7 53. Bc4 Ba8 54. Be6
Bb7 55. Bc4 Ba8 56. Bd3 Bb7 57. Be2 Ba8 58. Bf3 Ke7 59. Bd1 Bb7 60. Bb3 Kd6 61.
Be6 Ba8 62. Bb3 Bb7 63. Bc2 Bc8 64. Bb3 Bd7 65. Bc4 Be8 66. Bd3 Bd7 67. Be2 Be8
68. Bf1 Bd7 69. Bd3 Be8 70. Bc4 Bd7 71. Bd3 Be8 72. Bc4 Bd7 73. Bd3 1/2-1/2

[Event "Women's Speed Chess Q4"]
[Site "chess.com INT"]
[Date "2020.06.21"]
[Round "4"]
[White "Dauletova, Gulmira"]
[Black "Zavivaeva, Emilia"]
[Result "1-0"]
[WhiteTitle "WIM"]
[BlackTitle "WCM"]
[WhiteElo "2319"]
[BlackElo "1735"]
[WhiteFideId "13702971"]
[BlackFideId "34127531"]
[EventDate "2020.06.21"]

1. e4 c5 2. Nf3 Nc6 3. d4 cxd4 4. Nxd4 Nf6 5. Nc3 e5 6. Ndb5 d6 7. Bg5 a6 8. Na3
b5 9. Nd5 Be7 10. Bxf6 Bxf6 11. c4 b4 12. Nc2 Rb8 13. b3 O-O 14. g3 Be7 15. Bg2
f5 16. exf5 Bxf5 17. Nde3 Bg6 18. Bxc6 e4 19. O-O Bg5 20. Qg4 Bh6 21. Bxe4 Bxe4
22. Qxe4 Qf6 23. Nd5 Qg5 24. Ncxb4 Rfe8 25. Qd3 Qg4 26. Nc6 Rb7 27. Rae1 Rf8 28.
Qe4 Qh5 29. Nce7+ Kh8 30. Qe6 Bd2 31. Re4 Bg5 32. Qxd6 Qf3 33. Re6 a5 34. Nc6
Rbf7 35. Ne5 Qxf2+ 36. Rxf2 Rxf2 37. Ng6+ hxg6 38. Re1 Bd2 39. Rd1 Kh7 40. Qe6
Bg5 41. Nf4 Bxf4 42. gxf4 R2xf4 43. Qh3+ Kg8 44. Qe3 Rf3 45. Qe4 R8f4 46. Qd5+
Kh7 47. c5 Rg4+ 48. Kh1 Rf5 49. Qd3 Rh4 50. c6 Rc5 51. Qf3 Rc2 52. Qg3 Rh5 53.
c7 Rcc5 54. Qg4 Rc2 55. Qg3 Rcc5 56. Re1 Rcg5 57. Qf4 Rf5 58. Qc4 Rc5 59. Qf4
Rcf5 60. Qg3 Rfg5 61. Qd6 Rd5 62. Qxd5 Rxd5 63. c8=Q a4 64. Qh3+ Rh5 65. Qxh5+
gxh5 66. Re3 a3 67. Re4 Kh6 68. Ra4 Kh7 69. Kg2 Kh6 70. Kg3 Kh7 71. Rxa3 Kh6 72.
Ra5 Kh7 73. Kh4 Kg8 74. Kxh5 Kh7 75. Ra6 Kh8 76. Kg6 Kg8 77. Ra8# 1-0

[Event "Women's Speed Chess Q4"]
[Site "chess.com INT"]
[Date "2020.06.21"]
[Round "4"]
[White "Fuentes Inzunza, Lesly"]
[Black "Doluhanova, Evgeniya"]
[Result "0-1"]
[WhiteTitle "WFM"]
[BlackTitle "WGM"]
[WhiteElo "1840"]
[BlackElo "2229"]
[WhiteFideId "3408205"]
[BlackFideId "14112035"]
[EventDate "2020.06.21"]

1. d4 Nf6 2. Nf3 b6 3. g3 Bb7 4. Bg2 e6 5. O-O Be7 6. b3 O-O 7. Bb2 c5 8. e3 d6
9. Nbd2 Nbd7 10. c4 Rc8 11. Rc1 Ne4 12. Nxe4 Bxe4 13. Nd2 Bxg2 14. Kxg2 Bf6 15.
Nf3 Qc7 16. Qe2 cxd4 17. exd4 Qb7 18. Kg1 a6 19. Ba3 Be7 20. d5 e5 21. Nd2 f5
22. f4 e4 23. Rfe1 b5 24. cxb5 axb5 25. Nf1 Qa7+ 26. Ne3 Qxa3 27. Rxc8 Rxc8 28.
Qxb5 Qa7 29. Kh1 Rc1 30. Rxc1 Qxe3 31. Qf1 Nc5 32. Re1 Qc3 33. Rc1 Qd4 34. Qd1
Nd3 35. Qh5 g6 36. Rc8+ Bf8 37. Qe2 Nf2+ 38. Kg2 Ng4 39. h3 Ne3+ 40. Kh2 Nxd5
41. Rc4 Qd3 42. Qxd3 exd3 43. Rd4 Nc3 44. Rxd3 Nb5 45. a4 Na7 46. b4 Kf7 47. b5
Ke6 48. b6 Nc6 49. Rc3 Kd7 50. Kg2 d5 51. Kf3 Bd6 52. Ke2 Bb8 53. Kd3 Na5 54.
Rc5 Nb7 55. Rxd5+ Kc6 56. Re5 Bxe5 57. fxe5 Kxb6 58. Kd4 Kc7 59. g4 Kd7 60. gxf5
gxf5 61. Ke3 Ke7 62. Kf4 Ke6 63. h4 Na5 64. h5 Nc4 65. h6 Nxe5 66. a5 Nc6 67. a6
Na7 68. Kg5 Ke5 69. Kh5 f4 70. Kg4 Ke4 71. Kg5 f3 72. Kf6 f2 73. Kg7 f1=Q 74.
Kxh7 Qf7+ 75. Kh8 Qf8+ 76. Kh7 Qf7+ 77. Kh8 Kf5 78. h7 Qf8# 0-1

[Event "Women's Speed Chess Q4"]
[Site "chess.com INT"]
[Date "2020.06.21"]
[Round "4"]
[White "Hernandez Bonilla, Amelia"]
[Black "Goh, Jie Yi"]
[Result "1-0"]
[WhiteTitle "WFM"]
[BlackTitle "WCM"]
[WhiteElo "2016"]
[BlackElo "1743"]
[WhiteFideId "3900193"]
[BlackFideId "5710049"]
[EventDate "2020.06.21"]

1. d4 e6 2. Nf3 f5 3. e3 Nf6 4. Bd3 Be7 5. Nbd2 b6 6. O-O Bb7 7. Qe2 Ne4 8. Ne1
O-O 9. f3 Nxd2 10. Bxd2 Qe8 11. e4 f4 12. c4 Nc6 13. Bc3 Qh5 14. a3 e5 15. d5
Nd8 16. b4 d6 17. Rb1 Rf6 18. Nc2 Rh6 19. h3 Nf7 20. Rfc1 Qg6 21. Kf1 Ng5 22.
Ke1 Nf7 23. Kd2 Nd8 24. Ne1 Bh4 25. c5 Qg5 26. Rc2 Bc8 27. cxd6 cxd6 28. Kd1 Bd7
29. b5 Nb7 30. Bb4 Rc8 31. Rxc8+ Bxc8 32. Rc1 Nc5 33. Bxc5 dxc5 34. a4 Bd7 35.
Bc4 Kh8 36. Ra1 Rg6 37. Ra2 Qg3 38. Nd3 Qg5 39. Qb2 Bxh3 40. Qxe5 Qxe5 41. Nxe5
Rxg2 42. Rxg2 Bxg2 43. Ke2 g6 44. d6 Bf6 45. d7 Kg7 46. Nc6 Kf8 47. d8=Q+ Bxd8
48. Nxd8 Ke7 49. Nc6+ Ke8 50. Nxa7 Bh3 51. Nc8 Bxc8 52. Kf2 Ke7 53. Kg2 Ke8 54.
Bd5 Ke7 55. a5 bxa5 56. b6 Kd7 57. b7 Bxb7 58. Bxb7 a4 59. Bd5 a3 60. Kh3 h5 61.
Kh4 Kc7 62. Kg5 Kb6 63. Kxf4 Ka5 64. Kg5 Kb4 65. Ba2 c4 66. e5 c3 67. Bb1 Kb3
68. e6 c2 69. Bxc2+ Kxc2 70. e7 a2 71. e8=Q a1=Q 72. Qe4+ Kb3 73. Qb7+ Kc4 74.
Qc6+ Kd3 75. Qxg6+ Kc4 76. Qe4+ Kb3 77. Qd3+ Kb4 78. Qe4+ Kb3 79. Kxh5 Qh8+ 80.
Kg4 Qg7+ 81. Kf4 Qf7+ 82. Ke3 Qa7+ 83. Qd4 Qe7+ 84. Kf2 Qh7 85. f4 Qh2+ 86. Ke3
Qh3+ 87. Ke4 Qe6+ 88. Qe5 Qg6+ 89. f5 Qg4+ 90. Qf4 Qg8 91. f6 Qe8+ 92. Kf5 Qd7+
93. Kg5 Qf7 94. Qf3+ Kb4 95. Qe4+ Ka3 96. Qe7+ Qxe7 97. fxe7 Ka2 98. e8=Q 1-0

[Event "Women's Speed Chess Q4"]
[Site "chess.com INT"]
[Date "2020.06.21"]
[Round "5"]
[White "Zavivaeva, Emilia"]
[Black "Toncheva, Nadya"]
[Result "0-1"]
[WhiteTitle "WCM"]
[BlackTitle "WFM"]
[WhiteElo "1735"]
[BlackElo "2064"]
[WhiteFideId "34127531"]
[BlackFideId "2924056"]
[EventDate "2020.06.21"]

1. e4 c5 2. Nf3 Nc6 3. d4 cxd4 4. Nxd4 g6 5. Nc3 Bg7 6. Be3 Nf6 7. f3 O-O 8. Qd2
d5 9. exd5 Nxd5 10. Bc4 Nxe3 11. Nxc6 Qxd2+ 12. Kxd2 Nxc4+ 13. Kd3 Nxb2+ 14. Kd2
bxc6 0-1

[Event "Women's Speed Chess Q4"]
[Site "chess.com INT"]
[Date "2020.06.21"]
[Round "5"]
[White "Mrudul, Dehankar"]
[Black "Kovacs, Klara"]
[Result "1-0"]
[WhiteTitle "WIM"]
[BlackTitle "WIM"]
[WhiteElo "2256"]
[BlackElo "2154"]
[WhiteFideId "25096990"]
[BlackFideId "733210"]
[EventDate "2020.06.21"]

1. e4 e6 2. Nf3 d5 3. Nc3 d4 4. Ne2 c5 5. Ng3 Nc6 6. Bc4 Nf6 7. d3 e5 8. O-O Be7
9. Qe2 Bg4 10. h3 Bxf3 11. Qxf3 Qd7 12. Nf5 O-O 13. Bh6 Ne8 14. Bxg7 Nxg7 15.
Qg4 Bf6 16. Nh6+ 1-0

[Event "Women's Speed Chess Q4"]
[Site "chess.com INT"]
[Date "2020.06.21"]
[Round "5"]
[White "Hernandez Bonilla, Amelia"]
[Black "Golubenko, Valentina"]
[Result "0-1"]
[WhiteTitle "WFM"]
[BlackTitle "WGM"]
[WhiteElo "2016"]
[BlackElo "2209"]
[WhiteFideId "3900193"]
[BlackFideId "4501993"]
[EventDate "2020.06.21"]

1. d4 Nf6 2. Nf3 e6 3. e3 c5 4. Bd3 d5 5. c3 Nc6 6. Nbd2 Be7 7. Ne5 Nxe5 8. dxe5
Nd7 9. f4 O-O 10. O-O f5 11. exf6 Nxf6 12. Qe2 d4 13. cxd4 cxd4 14. e4 b6 15. e5
Nd5 16. Nb3 Bb7 17. Kh1 Nb4 18. Bc4 Bd5 19. Bd2 d3 20. Qe1 Nc2 21. Qc1 Bxc4 0-1

[Event "Women's Speed Chess Q4"]
[Site "chess.com INT"]
[Date "2020.06.21"]
[Round "5"]
[White "Belenkaya, Dina"]
[Black "Zvereva, Margarita"]
[Result "1-0"]
[WhiteTitle "WGM"]
[BlackTitle "WFM"]
[WhiteElo "2297"]
[BlackElo "1929"]
[WhiteFideId "24142654"]
[BlackFideId "34177741"]
[EventDate "2020.06.21"]

1. e4 c5 2. Nc3 d6 3. g3 Nf6 4. Bg2 g6 5. d3 Bg7 6. Be3 O-O 7. Qd2 Nc6 8. Bh6 a6
9. h4 Ne5 10. f3 b5 11. Bxg7 Kxg7 12. f4 b4 13. fxe5 bxc3 14. exf6+ exf6 15.
Qxc3 Bb7 16. Ne2 Re8 17. O-O-O a5 18. h5 g5 19. h6+ Kg8 20. Rdf1 a4 21. Rxf6 Re5
22. Rf5 Qe7 23. Rh5 1-0

[Event "Women's Speed Chess Q4"]
[Site "chess.com INT"]
[Date "2020.06.21"]
[Round "5"]
[White "Gunina, Valentina"]
[Black "Mamedjarova, Zeinab"]
[Result "0-1"]
[WhiteTitle "GM"]
[BlackTitle "WGM"]
[WhiteElo "2431"]
[BlackElo "2274"]
[WhiteFideId "4167570"]
[BlackFideId "13401521"]
[EventDate "2020.06.21"]

1. e4 e5 2. Nf3 Nc6 3. Bc4 Bc5 4. c3 Nf6 5. d4 exd4 6. e5 Ne4 7. cxd4 Bb4+ 8.
Nbd2 d5 9. Bb5 O-O 10. O-O Bxd2 11. Bxd2 Bg4 12. Be3 f6 13. Qc2 Bxf3 14. gxf3
Ng5 15. f4 Nxd4 16. Bxd4 Nf3+ 17. Kh1 Nxd4 18. Qb3 Nxb3 0-1

[Event "Women's Speed Chess Q4"]
[Site "chess.com INT"]
[Date "2020.06.21"]
[Round "5"]
[White "Martynkova, Olena"]
[Black "Frattini, Beatriz Maria"]
[Result "1-0"]
[WhiteTitle "WIM"]
[BlackTitle "WCM"]
[WhiteElo "2222"]
[BlackElo "1868"]
[WhiteFideId "14134039"]
[BlackFideId "22715002"]
[EventDate "2020.06.21"]

1. d4 Nf6 2. Nf3 g6 3. c4 Bg7 4. g3 O-O 5. Bg2 d6 6. O-O Nbd7 7. Nc3 e5 8. e4
Re8 9. h3 c6 10. Be3 exd4 11. Nxd4 Qc7 12. Qc2 Nc5 13. Rfe1 Ne6 14. Nb3 Bd7 15.
Rad1 Rad8 16. f4 Bc8 17. Kh2 a5 18. Na4 c5 19. Nc3 Bd7 20. f5 Nf8 21. Bf4 Bc6
22. g4 h6 23. Nxc5 g5 24. Bg3 b6 25. Nb3 Qb7 26. Nd4 Bd7 27. e5 1-0

[Event "Women's Speed Chess Q4"]
[Site "chess.com INT"]
[Date "2020.06.21"]
[Round "5"]
[White "Kiran, Manisha Mohanty"]
[Black "Ilyuchyk, Yana"]
[Result "0-1"]
[WhiteTitle "WGM"]
[BlackTitle "WFM"]
[WhiteElo "2168"]
[BlackElo "2119"]
[WhiteFideId "5019575"]
[BlackFideId "13508407"]
[EventDate "2020.06.21"]

1. e4 c5 2. Nf3 Nc6 3. d4 cxd4 4. Nxd4 Nf6 5. Nc3 d6 6. Bc4 e6 7. O-O Be7 8. Bb3
O-O 9. Kh1 a6 10. f4 Nxd4 11. Qxd4 b5 12. f5 e5 13. Qd3 Bb7 14. a3 Rc8 15. Bg5
Rxc3 16. bxc3 Nxe4 17. Bxe7 Qxe7 18. Bd5 Bxd5 19. Qxd5 Qh4 20. Rf3 h6 21. Raf1
Rc8 22. Re3 Nf2+ 23. Kg1 Ng4 24. Rh3 Qg5 25. Rg3 Qh4 26. Qxd6 Qxh2# 0-1

[Event "Women's Speed Chess Q4"]
[Site "chess.com INT"]
[Date "2020.06.21"]
[Round "5"]
[White "Koridze, Lile"]
[Black "Foisor, Sabina-Francesca"]
[Result "0-1"]
[WhiteTitle "WFM"]
[BlackTitle "WGM"]
[WhiteElo "1996"]
[BlackElo "2228"]
[WhiteFideId "13612514"]
[BlackFideId "1212915"]
[EventDate "2020.06.21"]

1. d4 d5 2. c4 e6 3. g3 Nf6 4. Bg2 Be7 5. Nf3 O-O 6. O-O c6 7. Qc2 b6 8. Rd1 Bb7
9. Bf4 Nbd7 10. Ne5 Rc8 11. Nc3 Nxe5 12. dxe5 Nd7 13. b3 g5 14. Bc1 Nxe5 15. Bb2
Ng6 16. Ne4 f5 17. Qc3 Rf7 18. Nd2 Bf6 19. Qc2 Bxb2 20. Qxb2 Qf6 21. Qa3 a5 22.
Nf3 c5 23. cxd5 Bxd5 24. Rac1 Rd8 25. Qa4 Rfd7 26. Qb5 Bc6 27. Qxc6 Rxd1+ 28.
Rxd1 Rxd1+ 29. Bf1 g4 30. Ne1 Rxe1 0-1

[Event "Women's Speed Chess Q4"]
[Site "chess.com INT"]
[Date "2020.06.21"]
[Round "5"]
[White "Kiolbasa, Oliwia"]
[Black "Thipsay, Bagyashree Sathe"]
[Result "1-0"]
[WhiteTitle "WIM"]
[BlackTitle "WIM"]
[WhiteElo "2160"]
[BlackElo "2072"]
[WhiteFideId "1154613"]
[BlackFideId "5001013"]
[EventDate "2020.06.21"]

1. e4 c6 2. d4 d5 3. e5 Bf5 4. Nd2 e6 5. Nb3 Nd7 6. Nf3 Bg6 7. Be2 Nh6 8. O-O
Nf5 9. a4 Rc8 10. g4 Nh6 11. Bxh6 gxh6 12. a5 a6 13. c4 Rg8 14. Rc1 Be4 15. Kh1
Rxg4 16. Nd2 Bxf3+ 17. Nxf3 Rg8 18. cxd5 cxd5 19. Qd2 Nb8 20. b4 Nc6 21. b5 axb5
22. Bxb5 Qd7 23. Rc2 Be7 24. Rfc1 Kd8 25. a6 1-0

[Event "Women's Speed Chess Q4"]
[Site "chess.com INT"]
[Date "2020.06.21"]
[Round "5"]
[White "Martynyuk, Elizaveta"]
[Black "Gvanceladze, Anna"]
[Result "1-0"]
[WhiteTitle "FM"]
[BlackTitle "WFM"]
[WhiteElo "2041"]
[BlackElo "2254"]
[WhiteFideId "24128511"]
[BlackFideId "4113721"]
[EventDate "2020.06.21"]

1. e4 c6 2. Nc3 d5 3. Nf3 dxe4 4. Nxe4 Nf6 5. Nxf6+ exf6 6. d4 Bd6 7. Bd3 O-O 8.
O-O Bg4 9. h3 Be6 10. c4 Nd7 11. d5 cxd5 12. cxd5 Bxd5 13. Bxh7+ Kxh7 14. Qxd5
Ne5 15. Rd1 Nxf3+ 16. gxf3 Re8 17. Be3 Re6 18. Bc5 Bxc5 19. Qh5+ Kg8 20. Rxd8+
Rxd8 21. Qxc5 Rb6 22. b4 g6 23. a4 Ra8 24. Rd1 Kg7 25. Rd7 Re8 26. a5 Rc6 27.
Qxa7 1-0